English to Spanish - European Countries - Statistics

General Stats
  • This quiz has been taken 28 times
  • The average score is 30 of 50
Answer Stats
English (Inglés) Spanish (Español) % Correct
Germany Alemania
93%
Andorra Andorra
93%
Armenia Armenia
93%
Italy Italia
93%
Albania Albania
86%
Austria Austria
86%
Bulgaria Bulgaria
86%
Spain España
86%
Malta Malta
86%
Estonia Estonia
79%
France Francia
79%
Greece Grecia
79%
Monaco Mónaco
79%
Croatia Croacia
71%
Finland Finlandia
71%
Norway Noruega
71%
San Marino San Marino
71%
Georgia Georgia
64%
Liechtenstein Liechtenstein
64%
Lithuania Lituania
64%
Montenegro Montenegro
64%
Poland Polonia
64%
Russia Rusia
64%
Denmark Dinamarca
57%
Slovenia Eslovenia
57%
Ireland Irlanda
57%
Iceland Islandia
57%
Portugal Portugal
57%
United Kingdom Reino Unido
57%
Serbia Serbia
57%
Belgium Bélgica
50%
Bosnia and Herzegovina Bosnia y Herzegovina
50%
Cyprus Chipre
50%
Slovakia Eslovaquia
50%
Luxembourg Luxemburgo
50%
Czech Republic República Checa
50%
Ukraine Ucrania
50%
Hungary Hungría
43%
North Macedonia Macedonia del Norte
43%
Netherlands Países Bajos
43%
Sweden Suecia
43%
Turkey Turquía
43%
Azerbaijan Azerbaiyán
36%
Vatican City Ciudad del Vaticano
36%
Romania Rumanía
36%
Switzerland Suiza
36%
Belarus Bielorrusia
29%
Kazakhstan Kazajistán
29%
Latvia Letonia
29%
Moldova Moldavia
29%
No matching quizzes found
Score Distribution
Percent of People with Each Score
Percentile by Number Answered
Your Score History
You have not taken this quiz